000 00302nam a22001217a 4500
008 160430b xxu||||| |||| 00| 0 eng d
020 _a9780534578008
020 _a0533778004
041 _aeng
080 _a612.39
245 _aNutrition concepts and controveries:
_cJana Kicklighter;
942 _2udc
_cBK
999 _c1716
_d1716